Barcelona es mucho más = Barcelona is much more
Descripción Física:
[25] p. : fot. col. ; 24 cm
MARC
| LEADER | 00000nam a2200000Ia 4500 | ||
|---|---|---|---|
| 001 | 23454 | ||
| 008 | 160829s2012 xx 000 0 cat d | ||
| 080 | |a FU-61-36 | ||
| 245 | |a Barcelona es mucho más = Barcelona is much more | ||
| 260 | |a Barcelona : |b Diputació de Barcelona, |c 2012 | ||
| 300 | |a [25] p. : |b fot. col. ; |c 24 cm | ||
| 590 | |a Text en castellà i anglès. | ||
| 590 | |a A la coberta: BCN+. | ||
| 590 | |a S'ha utilitzat el fons de l'Arxiu General de la Diputació de Barcelona. | ||
| 590 | |a Hi ha un exemplar en català i francès amb R. 23452 i un altre en castellà i anglès però amb diferent DL, amb R. 23453. | ||
| 650 | 0 | |a Turisme |z Barcelona (Catalunya) |9 48868 | |
| 651 | 0 | |a Barcelona (Catalunya) |x Descripcions i viatges |9 55446 | |
| 710 | 1 | |a Barcelona (Catalunya : Província). |b Diputació |9 52408 | |
| 710 | 2 | |a Barcelona es Mucho Más |9 51683 |e Marca turística | |
| 710 | 2 | |a Barcelona is Much more |9 51685 |e Marca turística | |
| 901 | |a Arxiu | ||
| 942 | |n 1 |2 udc | ||
| 952 | |0 0 |1 0 |4 0 |6 FU6136 |7 1 |9 54916 |a Arxiu |b Arxiu |d 2012-07-05 |l 0 |o FU-61-36 |p 23454 |r 2016-12-01 00:00:00 |w 2016-12-01 |y ARXIU | ||
| 999 | |c 58786 |d 58786 | ||